000 00683nam a2200229Ia 4500
003 OSt
005 20230408112222.0
008 210423s2017 xx 000 0 und d
020 _a978-81-309-3171-5
040 _cAL
041 _aeng
082 _a510
_223
_bTABH
100 _aTABAK (John)
_984923
245 _aHistory of mathematics: algebra Rev Ed Vol 1
_bSets symbols and the language of thought
260 _aNew Delhi
_bViva Books Pvt Ltd
_c2017
300 _axix,236
_bHB
365 _b1499.16
_cINR
440 _v1
650 _aMathematics
_984924
906 _aalgebra ; History ; language ; mathematics: ; Rev ; Sets ; symbols ; thought ; Vol
942 _2ddc
_cBK
999 _c169422
_d169422